00000000cam 2200000zi 4500
0019.962577
003CaOODSP
00520260528124543
006m     o  d f      
007cr bn|||||||||
008260505e19740422onc     ob   f000 0 eng d
040 |aCaOODSP|beng|erda|cCaOODSP
043 |an-cn---
045 |ax7x7
0861 |aNM92-107/1974E-PDF
1102 |aCanadian Conservation Institute.|eauthor, |eissuing body.
24510|aAnnual report 1973-1974 : |breport of the Director, Canadian Conservation Institute.
264 1|aOttawa : |bNational Museums of Canada, |cApril 22, 1974.
300 |a1 online resource (21 pages)
336 |atext|btxt|2rdacontent
337 |acomputer|bc|2rdamedia
338 |aonline resource|bcr|2rdacarrier
500 |aDigitized edition from print.
520 |a"The Director is pleased to report on activities and progress made from April 1, 1973 to March 31, 1974. This is the second Annual Report of the Canadian Conservation Institute. The first Annual Report reviewed activities in the first formative months of the C.C.I. The present Report is therefore the first for one complete year of program activity. It is presented herewith in some detail describing programs in progress at Ottawa Headquarters, as well as across Canada, particularly in the first two regional centres, Vancouver, B.C., and Moncton, N.B."--Page [1].
61020|aCanadian Conservation Institute.
61026|aInstitut canadien de conservation.
7102 |aNational Museums of Canada, |eissuing body.
85640|qPDF|s3.98 MB|uhttps://publications.gc.ca/collections/collection_2026/pch/NM92-107-1974-eng.pdf